MARC

LEADER 00000nab a2200000 a 4500
001 vtls000522303
003 SK-MaSNL
005 20260304102200.0
008 250426c1994 xo 0 slo
015 |a SNBRB19rr/mm-uuuuu 
035 |a CL0522441 
035 |a urn:nbn:sk:snk-ab6n2i 
035 |a (uuid)38a64f90-a302-4c63-82b2-e424d155ddc9 
035 |a (urnnbn)urn:nbn:sk:snk:ar-005m2d 
040 |a SNKBUCL  |b slo  |c SNKBUCL  |e AACR2 
041 0 |a slo 
044 |a xo  |c SK 
080 |a 82:929:885.4 (73)  |2 1981 
080 |a 885.4 (73)  |2 1981 
080 |a 929 Okáľ, Ján  |2 1981 
100 1 |a Cabadaj, Peter,  |d 1966-  |4 aut  |9 98153 
245 1 0 |a Ján Okáľ  |c Peter Cabadaj 
600 1 7 |a Okáľ, Ján,  |d 1915-1990  |2 snkbucl  |9 108382 
655 7 |a články z novín a časopisov  |2 snkbucl  |9 267496 
655 7 |a články z odboru knihovníctvo  |2 snkbucl  |9 166141 
655 7 |a články z odboru literárna veda a krásna literatúra  |2 snkbucl  |9 770045 
773 0 |t Knižnice a informácie  |g Roč. 26, č. 7 (1994), s. 303-304  |x 0322-807X 
850 |a Slovenská národná knižnica 
852 |a Slovenská národná knižnica 
954 |a odborná, vedecká literatúra pôvodná (slovenská)  |2 lita 
958 |a article2022 
958 |a BX 
958 |a RK 
958 |a KL 
958 |a LX 
958 |a US 
958 |a OND 
958 |a EUIPO 
992 |a RBX 
999 |c 2844310  |d 2846240